Agrarian legislation in India, 1793-1966 vol 1 / (Record no. 6952)

MARC details
000 -LEADER
fixed length control field 00836cam a2200241 4500
001 - CONTROL NUMBER
control field BD-DhSAU 6952
003 - CONTROL NUMBER IDENTIFIER
control field BD-DhSAU
005 - DATE AND TIME OF LATEST TRANSACTION
control field 20150516104744.0
008 - FIXED-LENGTH DATA ELEMENTS--GENERAL INFORMATION
fixed length control field 741104m1973 ii a rb 001 0 eng
040 ## - CATALOGING SOURCE
Original cataloging agency BD-DhSAU
082 00 - DEWEY DECIMAL CLASSIFICATION NUMBER
Classification number 343.076
Edition number 22
Item number WAA
100 1# - MAIN ENTRY--PERSONAL NAME
Personal name Wadhwa, D. C.,
Dates associated with a name 1933-
245 10 - TITLE STATEMENT
Title Agrarian legislation in India, 1793-1966 vol 1 /
Statement of responsibility, etc. by D. C. Wadhwa.
260 ## - PUBLICATION, DISTRIBUTION, ETC. (IMPRINT)
Place of publication, distribution, etc. Poona :
Name of publisher, distributor, etc. Gokhale Institute of Politics and Economics,
Date of publication, distribution, etc. c1973.
300 ## - PHYSICAL DESCRIPTION
Extent v, 868 p. :
Dimensions 26 cm.
440 #0 - SERIES STATEMENT/ADDED ENTRY--TITLE
Title Gokhale Institute studies ;
Volume/sequential designation no. 61
504 ## - BIBLIOGRAPHY, ETC. NOTE
Bibliography, etc Includes index.
590 ## - Name of Cataloguer
Name of Cataloger joy
650 #0 - SUBJECT ADDED ENTRY--TOPICAL TERM
Topical term or geographic name as entry element Agricultural laws and legislation
Geographic subdivision India
General subdivision Bibliography.
650 #0 - SUBJECT ADDED ENTRY--TOPICAL TERM
Topical term or geographic name as entry element Land tenure
General subdivision Law and legislation
Geographic subdivision India
General subdivision Bibliography.
650 #0 - SUBJECT ADDED ENTRY--TOPICAL TERM
Topical term or geographic name as entry element Plant pathology.
650 #0 - SUBJECT ADDED ENTRY--TOPICAL TERM
Topical term or geographic name as entry element Agriculture
General subdivision Taxation
-- Law and legislation
Geographic subdivision India
General subdivision Bibliography.
942 ## - ADDED ENTRY ELEMENTS (KOHA)
Source of classification or shelving scheme Dewey Decimal Classification
Koha item type Book
Holdings
Withdrawn status Lost status Source of classification or shelving scheme Damaged status Not for loan Collection code Home library Branch Name Shelving location Date acquired Total Checkouts Full call number Barcode Date last seen Price effective from Koha item type
    Dewey Decimal Classification   Not For Loan Reference SAU Library SAU Library Reference 11/07/2000   343.076 WAA 27872 16/05/2015 16/05/2015 Book